000
00221nam a22000857a 4500
008
161202b xxu||||| |||| 00| 0 eng d
100
_9
1738
_a
Dass.H.K.etal
245
_a
Mathematics term-I.IX
260
_a
NEW DELHI
_b
S.CHAND
_c
2011
999
_c
4447
_d
4447